Ten thousand years of pottery / (Record no. 3749)
[ view plain ]
| 000 -LEADER | |
|---|---|
| fixed length control field | nam a22 a 4500 |
| 005 - DATE AND TIME OF LATEST TRANSACTION | |
| control field | 20170523163829.0 |
| 008 - FIXED-LENGTH DATA ELEMENTS--GENERAL INFORMATION | |
| fixed length control field | 170523b2000 enk||||| |||| 00| 0 eng d |
| 020 ## - INTERNATIONAL STANDARD BOOK NUMBER | |
| International Standard Book Number | 0714127019 |
| 040 ## - CATALOGING SOURCE | |
| Original cataloging agency | AKMAL |
| 082 ## - DEWEY DECIMAL CLASSIFICATION NUMBER | |
| Classification number | 738 COO |
| 090 ## - LOCALLY ASSIGNED LC-TYPE CALL NUMBER (OCLC); LOCAL CALL NUMBER (RLIN) | |
| Classification number (OCLC) (R) ; Classification number, CALL (RLIN) (NR) | 738 |
| Local cutter number (OCLC) ; Book number/undivided call number, CALL (RLIN) | COO |
| 100 ## - MAIN ENTRY--PERSONAL NAME | |
| Personal name | Cooper, Emmanuel. |
| 9 (RLIN) | 7415 |
| 245 ## - TITLE STATEMENT | |
| Title | Ten thousand years of pottery / |
| Statement of responsibility, etc. | Emmanuel Cooper. |
| 250 ## - EDITION STATEMENT | |
| Edition statement | [4th rev. & updated ed.] |
| 260 ## - PUBLICATION, DISTRIBUTION, ETC. | |
| Place of publication, distribution, etc. | London |
| Name of publisher, distributor, etc. | British Museum Press |
| Date of publication, distribution, etc. | 2000. |
| 300 ## - PHYSICAL DESCRIPTION | |
| Extent | 352 p. |
| Dimensions | 28cm |
| 500 ## - GENERAL NOTE | |
| General note | Previous ed.: published as A history of world pottery. 1988. |
| 504 ## - BIBLIOGRAPHY, ETC. NOTE | |
| Bibliography, etc. note | Includes bibliographical references and index. |
| 650 ## - SUBJECT ADDED ENTRY--TOPICAL TERM | |
| Topical term or geographic name entry element | Pottery |
| General subdivision | History. |
| 9 (RLIN) | 7416 |
| 700 ## - ADDED ENTRY--PERSONAL NAME | |
| Titles and other words associated with a name | Cooper, Emmanuel. |
| 9 (RLIN) | 7415 |
| 942 ## - ADDED ENTRY ELEMENTS (KOHA) | |
| Source of classification or shelving scheme | |
| Koha item type | Book |
| Withdrawn status | Lost status | Source of classification or shelving scheme | Damaged status | Not for loan | Collection code | Home library | Current library | Shelving location | Date acquired | Inventory number | Total Checkouts | Full call number | Barcode | Date last seen | Price effective from | Koha item type |
|---|---|---|---|---|---|---|---|---|---|---|---|---|---|---|---|---|
| NON-FICTION | AKMAL Melaka | AKMAL Melaka | PINJAMAN | 23.05.2017 | 700164 | 738 COO | 201704800 | 23.05.2017 | 23.05.2017 | Book |
